00623nam a2200157 a 450000100100000000500170001000800410002704000250006810000290009324500970012226000670021930000290028650400280031595201050034399900170044800003862720201002031320.0130416s20uu dr a 000 0 spa d aDO-SdBNPbspacBNPHU1 aCarazzone, Carola96496010aVive la vida :b¡vivan todos los derechos para todos! /cCarola Carazzone, Francesca Lange. aSanto Domingo :bMuchachos y Muchachas con Don Bosco,c[20-?]. a300 p. :bils. ;c29 cm. aBibliografía : p. 299 0010718PDaPDbPDcCTd2013-04-16iLF1l0o p38627-10r2020-06-25w2020-06-25yLFPDZNo se presta c38117d38117